000
00494nam a22001457a 4500
020
_a
9780195322484
082
_a
519.3
100
_a
Martin J. Osborne
245
_a
An introduction to game theory
250
_a
International ed.
260
_a
New york
_b
Oxford university press
_c
2009.
300
_a
533p
942
_c
BK
999
_c
348665
_d
348665